000 00287cam a2200109ua 4500
082 _a821
_bCHA/OX
100 _aChamers, E K .
_91955
245 _aOxford Book of Sixteenth Century Verse /
260 _aLondon :
_bOxford at the Clarendon Press ,
_c1955.
300 _a905 ; .
942 _cBK
999 _c4854
_d4854